International Love - Pitbull Feat. Chris Brown - All Lyrics (+Spanish) - Statistics

General Stats
  • This quiz has been taken 10 times
  • The average score is 360 of 559
Answer Stats
Answer % Correct
to
100%
(212)
90%
212)
90%
(310)
90%
a
90%
(Hey),
90%
Hey
90%
I
90%
I-I-I
90%
me,
90%
me
90%
(Oh,
90%
oh,
90%
oh),
90%
oh)
90%
Oh-oh
90%
oh-oh
90%
oh-oh)
90%
oh-oh,
90%
(Oh-oh),
90%
Oh-oh-oh
90%
(Oh-woah),
90%
Oh-woah
90%
(Uh-huh)
90%
(Uh-huh,
90%
Woah-woah,
90%
woah-woah,
90%
(Woo!),
90%
(Woo!)
90%
woo!)
90%
(Woo,
90%
(Woo)
90%
(Woo),
90%
woo),
90%
(Woo!,
90%
Y
90%
yeah)
90%
(Yeah)
90%
(Yeah),
90%
yeah,
90%
(Yeah,
90%
You
90%
you
90%
you,
90%
Don't
80%
(Don't
80%
don't
80%
down
80%
Down
80%
down,
80%
(Down)
80%
ever
80%
In
80%
in
80%
international,
80%
international
80%
International
80%
(International,
80%
international)
80%
it
80%
it,
80%
(L.A.,
80%
L.A.),
80%
like
80%
lo
80%
love
80%
love,
80%
never
80%
New
80%
so
80%
So
80%
the
80%
York
80%
York,
80%
your
80%
Angeles,
70%
Angeles
70%
Angeles),
70%
baby,
70%
baby
70%
boy
70%
boy)
70%
But
70%
but
70%
can
70%
can't
70%
(Can't
70%
catch
70%
City,
70%
City
70%
it's
70%
I've
70%
Los
70%
(Los
70%
Miami,
70%
Miami
70%
Miami),
70%
not
70%
place
70%
put
70%
seen
70%
that
70%
There's
70%
affect
60%
all
60%
(All
60%
change
60%
cross
60%
fantasy
60%
get
60%
heat
60%
heat,
60%
I'll
60%
left
60%
my
60%
of
60%
play
60%
sleep
60%
test
60%
what
60%
with
60%
(You're
60%
305
50%
(305)
50%
305)
50%
around
50%
baseball,
50%
Blow
50%
body,
50%
Brazil,
50%
Colombia,
50%
everywhere,
50%
everywhere?
50%
Everywhere
50%
everywhere
50%
feel
50%
football,
50%
have
50%
hit
50%
home
50%
I'm
50%
know
50%
let
50%
ocean
50%
on
50%
run
50%
touched
50%
what's
50%
when
50%
whistle,
50%
women
50%
world,
50%
world),
50%
ain't
40%
And
40%
and
40%
beautiful
40%
been
40%
Been
40%
big
40%
blue,
40%
cities
40%
countries
40%
Cremate
40%
Cuba,
40%
for
40%
globe
40%
got
40%
green
40%
if
40%
la
40%
L.A.,
40%
la'
40%
let's
40%
mean
40%
Mexicana
40%
most
40%
nothin'
40%
now
40%
now,
40%
ol'
40%
pronounce
40%
referee,
40%
she
40%
sister"
40%
some
40%
they
40%
we're
40%
(We're
40%
Wild
40%
yellow
40%
about
30%
best
30%
cards,
30%
credit
30%
done
30%
dura
30%
En
30%
en
30%
existed
30%
forget
30%
gon'
30%
lie
30%
lookin'
30%
Miami's
30%
overseas
30%
para
30%
per
30%
"Pit,
30%
Romania,
30%
sure
30%
tengo
30%
they're
30%
thongs,
30%
told
30%
Venezuela
30%
are
20%
at
20%
booties
20%
boricua
20%
'Cause
20%
cosa
20%
cualquiera
20%
death
20%
DR,
20%
está
20%
everythin'
20%
Greece,
20%
G's
20%
guessed
20%
Hotter
20%
hotter
20%
mujere'
20%
places
20%
pulled
20%
rap
20%
ride)
20%
show
20%
side
20%
sweet
20%
talkin'
20%
than
20%
'til
20%
toda'
20%
visas
20%
Besito'
10%
bomb
10%
freaky
10%
hundred
10%
Lebanon,
10%
que?)
10%
(¿Qué
0%
rise)
0%
No matching quizzes found
Score Distribution
Percent of People with Each Score
Percentile by Number Answered
Your Score History
You have not taken this quiz